[Event "CZE-chT2A 1112"]
[Site "Czech Republic"]
[Date "2012.03.25"]
[Round "10.4"]
[White "Beter, Arnost"]
[Black "Hodova, Lucie"]
[Result "1/2-1/2"]
[WhiteElo "2025"]
[BlackElo "2128"]
[PlyCount "49"]
[EventDate "2011.10.09"]
[EventType "team-tourn"]
[EventRounds "11"]
[EventCountry "CZE"]
[SourceTitle "EXT 2013"]
[Source "ChessBase"]
[SourceDate "2012.11.22"]
[SourceVersion "1"]
[SourceVersionDate "2012.11.22"]
[SourceQuality "1"]
[WhiteTeam "Cesky Krumlov"]
[BlackTeam "Line"]
[WhiteTeamCountry "CZE"]
[BlackTeamCountry "CZE"]

1. e4 c5 2. c3 Nf6 3. e5 Nd5 4. g3 Nc6 5. Bg2 e6 6. Nf3 d6 7. exd6 Bxd6 8. 0-0 0-0 9. Na3 Rb8 10. Nc2 b5 11. d4 a5 12. Ne3 cxd4 13. Nxd5 exd5 14. Nxd4 Ne7 15. Re1 Qc7 16. Qd3 Qc4 17. Bf1 Bd7 18. Qf3 Qc8 19. Bf4 Bxf4 20. Qxf4 Nf5 21. Rad1 b4 22. Nxf5 Bxf5 23. Re5 Be6 24. cxb4 Rxb4 25. Qd2 1/2-1/2

[Event "CZE-chT2A 1112"]
[Site "Czech Republic"]
[Date "2012.01.22"]
[Round "6"]
[White "Muron, Miroslav"]
[Black "Hodova, Lucie"]
[Result "1-0"]
[WhiteElo "2152"]
[BlackElo "2128"]
[PlyCount "51"]
[EventDate "2011.10.09"]
[EventType "team-tourn"]
[EventRounds "11"]
[EventCountry "CZE"]
[SourceTitle "EXT 2013"]
[Source "ChessBase"]
[SourceDate "2012.11.22"]
[SourceVersion "1"]
[SourceVersionDate "2012.11.22"]
[SourceQuality "1"]
[WhiteTeam "Praha Dukla"]
[BlackTeam "Line"]
[WhiteTeamCountry "CZE"]
[BlackTeamCountry "CZE"]

1. e4 c5 2. Nc3 Nc6 3. g3 g6 4. Bg2 Bg7 5. d3 d6 6. f4 e6 7. Nf3 Nge7 8. 0-0 0-0 9. Be3 Nd4 10. Qd2 Rb8 11. Rae1 b5 12. e5 Nef5 13. Bf2 b4 14. Ne4 dxe5 15. Nxe5 Qc7 16. c3 bxc3 17. bxc3 Nb5 18. Nxc5 Ne7 19. Re4 Rd8 20. Rc4 Bxe5 21. fxe5 Qxe5 22. Re4 Qg7 23. Rb4 a5 24. Rb3 Bd7 25. Nxd7 Rxd7 26. c4 1-0

[Event "BL 1011 (Women)"]
[Site "Germany"]
[Date "2011.02.20"]
[Round "9.6"]
[White "Gempe, Anet"]
[Black "Hodova, Lucie"]
[Result "1-0"]
[WhiteElo "2040"]
[BlackElo "2129"]
[PlyCount "69"]
[EventDate "2010.11.06"]
[EventType "team-tourn"]
[EventRounds "11"]
[EventCountry "GER"]
[SourceTitle "EXT 2012"]
[Source "ChessBase"]
[SourceDate "2011.11.24"]
[SourceVersion "1"]
[SourceVersionDate "2011.11.24"]
[SourceQuality "1"]
[WhiteTeam "Leipzig Gohlis (W)"]
[BlackTeam "Bad Koenigshofen (W)"]
[WhiteTeamCountry "GER"]
[BlackTeamCountry "GER"]

1. e4 c5 2. Nf3 d6 3. d4 cxd4 4. Nxd4 Nf6 5. Nc3 a6 6. Be2 e5 7. Nb3 Be7 8. Be3 Be6 9. 0-0 Nbd7 10. f3 0-0 11. Nd5 Bxd5 12. exd5 Nh5 13. g3 f5 14. Bf2 Nhf6 15. c4 Ne8 16. Re1 f4 17. Nd2 Qa5 18. Nb3 Qc7 19. Nd2 a5 20. b3 Nc5 21. Kg2 Nf6 22. Qc2 Rae8 23. a3 Bd8 24. b4 e4 25. bxc5 e3 26. cxd6 Qf7 27. Bg1 exd2 28. Qxd2 fxg3 29. hxg3 Re5 30. f4 Ne4 31. Qd3 Ree8 32. Bg4 Qg6 33. Be6+ Rxe6 34. dxe6 Rxf4 35. e7 1-0

[Event "BL 1011 (Women)"]
[Site "Germany"]
[Date "2011.02.19"]
[Round "8.6"]
[White "Hodova, Lucie"]
[Black "Lehmann, Christina"]
[Result "1/2-1/2"]
[WhiteElo "2129"]
[BlackElo "2087"]
[PlyCount "40"]
[EventDate "2010.11.06"]
[EventType "team-tourn"]
[EventRounds "11"]
[EventCountry "GER"]
[SourceTitle "EXT 2012"]
[Source "ChessBase"]
[SourceDate "2011.11.24"]
[SourceVersion "1"]
[SourceVersionDate "2011.11.24"]
[SourceQuality "1"]
[WhiteTeam "Bad Koenigshofen (W)"]
[BlackTeam "Grosslehna (W)"]
[WhiteTeamCountry "GER"]
[BlackTeamCountry "GER"]

1. e4 c5 2. Nf3 d6 3. d4 cxd4 4. Nxd4 Nf6 5. Nc3 a6 6. g3 Bg4 7. f3 Bd7 8. Be3 Nc6 9. Qd2 Rc8 10. 0-0-0 g6 11. g4 Bg7 12. g5 Nh5 13. Kb1 0-0 14. Nd5 Nxd4 15. Bxd4 Be6 16. Bxg7 Nxg7 17. h4 Rc5 18. Bh3 Qd7 19. Qh2 Re8 20. f4 Qa4 1/2-1/2

[Event "CZE-chT2A 0910"]
[Site "Czech Republic"]
[Date "2010.02.28"]
[Round "8.6"]
[White "Cozl, David"]
[Black "Hodova, Lucie"]
[Result "0-1"]
[WhiteElo "2012"]
[BlackElo "2112"]
[PlyCount "94"]
[EventDate "2009.10.18"]
[EventType "team-tourn"]
[EventRounds "11"]
[EventCountry "CZE"]
[SourceTitle "EXT 2012"]
[Source "ChessBase"]
[SourceDate "2011.11.24"]
[SourceVersion "1"]
[SourceVersionDate "2011.11.24"]
[SourceQuality "1"]
[WhiteTeam "Zebrak"]
[BlackTeam "Line"]
[WhiteTeamCountry "CZE"]
[BlackTeamCountry "CZE"]

1. Nf3 c5 2. c4 Nf6 3. Nc3 d5 4. cxd5 Nxd5 5. Qb3 Nb4 6. d4 Be6 7. Qa4+ N8c6 8. a3 Nd5 9. dxc5 Nxc3 10. bxc3 g6 11. Bf4 Bg7 12. Be5 f6 13. Rd1 Qa5 14. Qxa5 Nxa5 15. Bc7 Nb3 16. Nd4 Bc4 17. Nxb3 Bxb3 18. Rb1 Bd5 19. e3 Rc8 20. Rd1 Be6 21. Ba5 Rxc5 22. Bb4 Rc7 23. c4 Bxc4 24. Bxc4 Rxc4 25. 0-0 Rc7 26. Rc1 Rxc1 27. Rxc1 Kd7 28. Rd1+ Ke6 29. e4 Rc8 30. f4 Rc7 31. Kf2 b6 32. g4 a5 33. f5+ Kf7 34. Bd2 Rc2 35. Ke1 Rc4 36. Rb1 Rxe4+ 37. Kf2 Rxg4 38. Rxb6 Ra4 39. fxg6+ hxg6 40. Rb3 f5 41. Ke2 Be5 42. h3 Bd6 43. Bc1 e5 44. Kd3 Ke6 45. Kc2 e4 46. Rc3 f4 47. Kb3 Rd4 0-1

[Event "Prague op-A 08th"]
[Site "Prague"]
[Date "2009.01.13"]
[Round "5"]
[White "Hosticka, Frantisek"]
[Black "Hodova, Lucie"]
[Result "0-1"]
[WhiteElo "2178"]
[BlackElo "2093"]
[PlyCount "86"]
[EventDate "2009.01.09"]
[EventType "swiss"]
[EventRounds "9"]
[EventCountry "CZE"]
[SourceTitle "CBM 128 Extra"]
[Source "ChessBase"]
[SourceDate "2009.03.05"]
[SourceVersion "2"]
[SourceVersionDate "2009.03.25"]
[SourceQuality "1"]

1. e4 c5 2. Nf3 d6 3. Bb5+ Nd7 4. c3 Ngf6 5. Qe2 a6 6. Ba4 b5 7. Bc2 e5 8. d4 Be7 9. 0-0 0-0 10. Re1 Qc7 11. dxe5 dxe5 12. Nbd2 Bb7 13. Nf1 c4 14. Ng3 Nc5 15. Ng5 h6 16. Nh3 Rfd8 17. f3 Nd3 18. Bxd3 cxd3 19. Qf2 b4 20. Be3 bxc3 21. Bb6 Qc4 22. bxc3 d2 23. Red1 Qxc3 24. Rab1 Rd7 25. Nf5 Bf8 26. Be3 Rad8 27. Qe2 Bc6 28. Rb3 Qc2 29. Bb6 Bc5+ 30. Nf2 Bb5 31. Rxb5 axb5 32. Bxd8 Rxd8 33. Kf1 b4 34. Ne3 Qxa2 35. Qc4 Qa7 36. Neg4 Nxg4 37. Nxg4 b3 38. Nxe5 b2 39. Ke2 Bf2 40. Qc3 Be1 41. Nd3 Qg1 42. Nxe1 dxe1Q+ 43. Qxe1 Rxd1 0-1

[Event "BL 0809 (Women)"]
[Site "Germany"]
[Date "2008.11.09"]
[Round "2.6"]
[White "Tammert, Iamze"]
[Black "Hodova, Lucie"]
[Result "1-0"]
[WhiteElo "2284"]
[BlackElo "2093"]
[PlyCount "167"]
[EventDate "2008.11.08"]
[EventType "team-tourn"]
[EventRounds "11"]
[EventCountry "GER"]
[SourceTitle "EXT 2010"]
[Source "ChessBase"]
[SourceDate "2010.11.25"]
[SourceVersion "1"]
[SourceVersionDate "2010.11.25"]
[SourceQuality "1"]
[WhiteTeam "Baden-Baden (W)"]
[BlackTeam "Bad Koenigshofen (W)"]
[WhiteTeamCountry "GER"]
[BlackTeamCountry "GER"]

1. c4 c5 2. Nc3 Nf6 3. g3 d5 4. cxd5 Nxd5 5. Bg2 Nxc3 6. bxc3 Nc6 7. Rb1 e6 8. Qa4 Qc7 9. Bxc6+ bxc6 10. Nf3 Bd6 11. d3 0-0 12. Nd2 e5 13. Ba3 Bh3 14. Nb3 Rab8 15. Kd2 c4 16. Bxd6 Qxd6 17. Qxc4 Qa3 18. Ra1 Be6 19. Qxc6 Rbc8 20. Qb5 Qb2+ 21. Ke3 f5 22. f3 f4+ 23. Kf2 e4 24. Nd4 fxg3+ 25. Kxg3 Qxb5 26. Nxb5 exd3 27. exd3 Bd5 28. Rhf1 a6 29. c4 axb5 30. cxd5 Rcd8 31. Rab1 Rxd5 32. Rb3 Rg5+ 33. Kf2 Rh5 34. Rh1 Ra8 35. a3 Ra4 36. Ke3 Re5+ 37. Kf2 Rh5 38. Kg2 Rg5+ 39. Kf2 Rh5 40. Ke3 Re5+ 41. Kd2 Rh5 42. h3 Rf5 43. Ke3 Re5+ 44. Kf2 Rh5 45. h4 h6 46. Rh3 Rc5 47. Rh1 Rc2+ 48. Ke3 Kf7 49. Rxb5 Rxa3 50. Rb7+ Kf6 51. Rg1 Rcc3 52. Rd7 g5 53. hxg5+ hxg5 54. Rd5 Rcb3 55. Rgxg5 Rb1 56. Rdf5+ Ke6 57. Ra5 Rxa5 58. Rxa5 Re1+ 59. Kd4 Rf1 60. Re5+ Kd6 61. Re3 Rf2 62. Ke4 Ke6 63. d4 Kd6 64. Rd3 Re2+ 65. Kf5 Kd5 66. Rd1 Re8 67. f4 Rf8+ 68. Kg5 Rg8+ 69. Kf5 Rf8+ 70. Kg4 Rg8+ 71. Kf3 Rf8 72. Re1 Rf7 73. Ra1 Rf8 74. Ra7 Kxd4 75. Rd7+ Kc5 76. Kg4 Kc6 77. Rd2 Rg8+ 78. Kf5 Rf8+ 79. Kg5 Rg8+ 80. Kh6 Rf8 81. Rf2 Kd7 82. Kg7 Rf5 83. Kg6 Rf8 84. f5 1-0

[Event "Imperia op-A 50th"]
[Site "Imperia"]
[Date "2008.09.03"]
[Round "4"]
[White "Bozzali, Ermanno"]
[Black "Hodova, Lucie"]
[Result "0-1"]
[WhiteElo "2148"]
[BlackElo "2075"]
[PlyCount "72"]
[EventDate "2008.08.31"]
[EventType "swiss"]
[EventRounds "9"]
[EventCountry "ITA"]
[SourceTitle "MCD"]
[Source "ChessBase"]
[SourceDate "1999.07.01"]
[SourceVersion "1"]
[SourceVersionDate "1999.07.01"]
[SourceQuality "1"]

1. e4 c5 2. Nf3 d6 3. d4 cxd4 4. Nxd4 Nf6 5. Nc3 a6 6. Bc4 e6 7. Bb3 b5 8. 0-0 Be7 9. Qf3 Qc7 10. Qg3 0-0 11. Bh6 Ne8 12. Rad1 Bd7 13. Rfe1 Nc6 14. Nxc6 Bxc6 15. f3 Kh8 16. Bg5 Bxg5 17. Qxg5 Nf6 18. Rd2 Rfd8 19. Red1 h6 20. Qg3 Ne8 21. Ne2 a5 22. a3 b4 23. axb4 axb4 24. e5 dxe5 25. Rxd8 Rxd8 26. Rxd8 Qxd8 27. Qxe5 Nf6 28. Qc5 Qd2 29. Kf2 Bd5 30. Qf8+ Kh7 31. Qxf7 Bxb3 32. cxb3 e5 33. Qc4 e4 34. fxe4 Ng4+ 35. Kg3 h5 36. h3 Qe3+ 0-1

[Event "EU-chT (Women) 16th"]
[Site "Heraklion"]
[Date "2007.10.29"]
[Round "2"]
[White "Hodova, Lucie"]
[Black "Misovic, Sanja"]
[Result "0-1"]
[WhiteElo "2089"]
[BlackElo "1876"]
[PlyCount "80"]
[EventDate "2007.10.28"]
[EventType "team-tourn"]
[EventRounds "9"]
[EventCountry "GRE"]
[SourceTitle "EXT 2008"]
[Source "ChessBase"]
[SourceDate "2007.11.25"]
[SourceVersion "1"]
[SourceVersionDate "2007.11.25"]
[SourceQuality "1"]
[WhiteTeam "Czech Republic (W)"]
[BlackTeam "Montenegro (W)"]
[WhiteTeamCountry "CZE"]
[BlackTeamCountry "MNE"]

1. e4 c5 2. Nf3 e6 3. d4 cxd4 4. Nxd4 Nc6 5. Nc3 Qc7 6. g3 a6 7. Bg2 Nf6 8. 0-0 Bc5 9. Nb3 Ba7 10. a4 Ne5 11. a5 Nc4 12. Qe2 d6 13. Ra4 Ne5 14. Be3 Bd7 15. Ra2 Bxe3 16. Qxe3 Nc4 17. Qd4 e5 18. Qd3 Be6 19. Nd5 Nxd5 20. exd5 Bd7 21. Re1 0-0 22. Re4 Rac8 23. Bf1 Bb5 24. Qc3 f5 25. Re1 Qf7 26. Bg2 Na3 27. Qd2 Nc4 28. Qd1 Qc7 29. c3 Rfe8 30. Bh3 g6 31. Qa1 e4 32. Nd4 Bd7 33. b3 Ne5 34. c4 Qc5 35. Bf1 Qxd4 36. Qxd4 Nf3+ 37. Kg2 Nxd4 38. b4 Nf3 39. Re3 Ne5 40. Rc3 Nd3 0-1

[Event "EU-chT (Women) 16th"]
[Site "Heraklion"]
[Date "2007.10.28"]
[Round "1"]
[White "Flear, Christine"]
[Black "Hodova, Lucie"]
[Result "1/2-1/2"]
[WhiteElo "2149"]
[BlackElo "2089"]
[PlyCount "81"]
[EventDate "2007.10.28"]
[EventType "team-tourn"]
[EventRounds "9"]
[EventCountry "GRE"]
[SourceTitle "EXT 2008"]
[Source "ChessBase"]
[SourceDate "2007.11.25"]
[SourceVersion "1"]
[SourceVersionDate "2007.11.25"]
[SourceQuality "1"]
[WhiteTeam "France (W)"]
[BlackTeam "Czech Republic (W)"]
[WhiteTeamCountry "FRA"]
[BlackTeamCountry "CZE"]

1. d4 Nf6 2. c4 c5 3. d5 e6 4. Nc3 exd5 5. cxd5 d6 6. Nf3 g6 7. Bf4 Bg7 8. Qa4+ Bd7 9. Qb3 Qc7 10. h3 0-0 11. e3 Re8 12. Nd2 Nh5 13. Bh2 Be5 14. Bxe5 Rxe5 15. Be2 Nf6 16. 0-0 Na6 17. e4 Re7 18. f4 c4 19. Qa3 Nc5 20. e5 Ne8 21. Bxc4 dxe5 22. Nde4 Rc8 23. d6 Nxd6 24. Nd5 Nxc4 25. Nxe7+ Kf8 26. Qb4 Kxe7 27. Qxc4 Be6 28. Qxc5+ Qxc5+ 29. Nxc5 Rxc5 30. fxe5 Rxe5 31. Rac1 Bd5 32. Rfe1 Kd6 33. Rxe5 Kxe5 34. b3 h5 35. h4 Kf4 36. Kf2 Ke5 37. g3 Kd4 38. Ke2 Ke4 39. Rc8 Ke5 40. Ra8 a6 41. Rd8 1/2-1/2

[Event "Mitropa Cup (Women)"]
[Site "Szeged"]
[Date "2007.05.12"]
[Round "5"]
[White "Domany, Zsofia"]
[Black "Hodova, Lucie"]
[Result "1/2-1/2"]
[WhiteElo "2167"]
[BlackElo "2074"]
[PlyCount "83"]
[EventDate "2007.05.08"]
[EventType "team-tourn"]
[EventRounds "9"]
[EventCountry "HUN"]
[SourceTitle "CBM 118 Extra"]
[Source "ChessBase"]
[SourceDate "2007.07.04"]
[SourceVersion "1"]
[SourceVersionDate "2007.07.04"]
[SourceQuality "1"]

1. e4 c5 2. Nf3 d6 3. d4 cxd4 4. Nxd4 Nf6 5. Nc3 a6 6. Be3 e5 7. Nb3 Be6 8. f3 h5 9. Qd2 Nbd7 10. 0-0-0 Rc8 11. Nd5 Bxd5 12. exd5 Nb6 13. Bxb6 Qxb6 14. Kb1 g6 15. g3 Bh6 16. Qd3 0-0 17. Bh3 Rc7 18. Rhg1 a5 19. Nd2 Be3 20. Rge1 Bd4 21. Qb3 Nxd5 22. Qxb6 Bxb6 23. Ne4 Ne3 24. Rxd6 Ba7 25. c3 Kg7 26. Rd3 Nc4 27. b3 Nb6 28. Kb2 Re7 29. Nd6 f5 30. Red1 Kf6 31. Bg2 Bb8 32. Kc2 Rh8 33. R1d2 Rf8 34. h3 Rh8 35. Rd1 Rf8 36. Rh1 Rh8 37. Rd2 Rd7 38. Rhd1 Re7 39. Re1 Rd7 40. Red1 Re7 41. Re1 Rd7 42. Red1 1/2-1/2

[Event "Mitropa Cup (Women)"]
[Site "Szeged"]
[Date "2007.05.11"]
[Round "4"]
[White "Hodova, Lucie"]
[Black "Hoolt, Sarah"]
[Result "1-0"]
[WhiteElo "2074"]
[BlackElo "2226"]
[PlyCount "69"]
[EventDate "2007.05.08"]
[EventType "team-tourn"]
[EventRounds "9"]
[EventCountry "HUN"]
[SourceTitle "CBM 118 Extra"]
[Source "ChessBase"]
[SourceDate "2007.07.04"]
[SourceVersion "1"]
[SourceVersionDate "2007.07.04"]
[SourceQuality "1"]

1. e4 c5 2. Nf3 e6 3. d4 cxd4 4. Nxd4 Nc6 5. Nc3 Qc7 6. Nxc6 bxc6 7. Bd3 Nf6 8. 0-0 Be7 9. Qe2 d5 10. b3 d4 11. Na4 0-0 12. c4 c5 13. e5 Nd7 14. Bf4 Bb7 15. Rfe1 Rfe8 16. Rad1 a5 17. Nb2 Bc6 18. Be4 Nf8 19. Bxc6 Qxc6 20. Rd3 Ng6 21. Bd2 f6 22. Rh3 fxe5 23. Qh5 Nf8 24. Nd3 Bf6 25. Nxe5 Bxe5 26. Rxe5 a4 27. Re1 axb3 28. axb3 e5 29. Rg3 Ra2 30. Bg5 e4 31. h4 Ng6 32. Qg4 Ne5 33. Qf5 Nd3 34. Bf6 g6 35. Rxg6+ 1-0

[Event "Prague op-A 06th"]
[Site "Prague"]
[Date "2007.01.12"]
[Round "2"]
[White "Hodova, Lucie"]
[Black "Jacob, Volker"]
[Result "1/2-1/2"]
[WhiteElo "2090"]
[BlackElo "2270"]
[PlyCount "76"]
[EventDate "2007.01.11"]
[EventType "swiss"]
[EventRounds "9"]
[EventCountry "CZE"]
[SourceTitle "CBM 116 Extra"]
[Source "ChessBase"]
[SourceDate "2007.03.07"]
[SourceVersion "1"]
[SourceVersionDate "2007.03.07"]
[SourceQuality "1"]

1. e4 e5 2. Nf3 Nc6 3. Bb5 a6 4. Ba4 Nf6 5. 0-0 b5 6. Bb3 Bb7 7. d3 h6 8. a4 g6 9. Nc3 b4 10. Nd5 Na5 11. Nxf6+ Qxf6 12. Ba2 Bg7 13. Bd2 Qe7 14. c3 bxc3 15. bxc3 0-0 16. Rb1 Bc6 17. Qc2 Kh8 18. Bd5 Bxd5 19. exd5 Rab8 20. Rb4 c5 21. Rxb8 Rxb8 22. c4 Qd8 23. Bc3 d6 24. Rb1 Rxb1+ 25. Qxb1 Kh7 26. Nd2 f5 27. g3 Qc7 28. Kg2 Bf8 29. Nb3 Nb7 30. Qe1 Qd7 31. Qa1 Qc7 32. Nd2 Be7 33. Nb3 Bd8 34. Qe1 Qd7 35. Qa1 Kg8 36. Bd2 Kh7 37. Bc3 Kg8 38. Bd2 Kh7 1/2-1/2

[Event "Havlickuv Brod op-A"]
[Site "Havlickuv Brod"]
[Date "2005.09.29"]
[Round "6"]
[White "Stross, Frantisek"]
[Black "Hodova, Lucie"]
[Result "0-1"]
[WhiteElo "2272"]
[BlackElo "2112"]
[PlyCount "76"]
[EventDate "2005.09.24"]
[EventType "swiss"]
[EventRounds "9"]
[EventCountry "CZE"]
[SourceTitle "CBM 108 Extra"]
[Source "ChessBase"]
[SourceDate "2005.11.04"]
[SourceVersion "1"]
[SourceVersionDate "2005.11.04"]
[SourceQuality "1"]

1. e4 c5 2. Nf3 d6 3. d4 cxd4 4. Nxd4 Nf6 5. Nc3 a6 6. Bg5 e6 7. f4 Qc7 8. Qf3 b5 9. 0-0-0 b4 10. Nb1 Nbd7 11. Nd2 Bb7 12. Bd3 Be7 13. Rhe1 h6 14. Qh3 0-0-0 15. Bxf6 Nxf6 16. g3 Kb8 17. Qf1 Qb6 18. N4b3 d5 19. exd5 Nxd5 20. Nc4 Qc7 21. Ne5 Rc8 22. Rd2 a5 23. Nd4 Bc5 24. Nb5 Qe7 25. Be4 Rhd8 26. Nc4 a4 27. Qh1 Qd7 28. Nd4 Qc7 29. f5 Be7 30. b3 Bg5 31. fxe6 Bxd2+ 32. Nxd2 Qc3 33. e7 Qxd4 34. exd8Q Rxd8 35. Bxd5 Rxd5 36. Nb1 a3 37. Re8+ Ka7 38. c3 Qf2 0-1

[Event "Imperia op-A 47th"]
[Site "Imperia"]
[Date "2005.08.29"]
[Round "2"]
[White "Carzolio, Luigi"]
[Black "Hodova, Lucie"]
[Result "0-1"]
[WhiteElo "2034"]
[BlackElo "2112"]
[PlyCount "58"]
[EventDate "2005.08.28"]
[EventType "swiss"]
[EventRounds "9"]
[EventCountry "ITA"]
[SourceTitle "EXT 2007"]
[Source "ChessBase"]
[SourceDate "2006.11.23"]
[SourceVersion "1"]
[SourceVersionDate "2006.11.23"]
[SourceQuality "1"]

1. f4 c5 2. Nf3 Nc6 3. e3 g6 4. Bb5 Bg7 5. 0-0 Nf6 6. c4 0-0 7. Nc3 d6 8. Bxc6 bxc6 9. d3 Nd7 10. Qd2 e5 11. g3 Qe7 12. e4 exf4 13. gxf4 f5 14. Qe1 Nf6 15. Bd2 fxe4 16. dxe4 Bh3 17. Rf2 Nh5 18. f5 gxf5 19. Ng5 Bg4 20. h3 f4 21. hxg4 Qxg5 22. Rg2 Nf6 23. Qg3 fxg3 24. Bxg5 Nxg4 25. Rxg3 Bd4+ 26. Kg2 Rf2+ 27. Kh3 h5 28. Rg2 Raf8 29. Bh4 R8f3+ 0-1

[Event "Imperia op-A 47th"]
[Site "Imperia"]
[Date "2005.08.28"]
[Round "1"]
[White "Hodova, Lucie"]
[Black "Arlandi, Ennio"]
[Result "0-1"]
[WhiteElo "2112"]
[BlackElo "2432"]
[PlyCount "80"]
[EventDate "2005.08.28"]
[EventType "swiss"]
[EventRounds "9"]
[EventCountry "ITA"]
[SourceTitle "EXT 2007"]
[Source "ChessBase"]
[SourceDate "2006.11.23"]
[SourceVersion "1"]
[SourceVersionDate "2006.11.23"]
[SourceQuality "1"]

1. e4 c5 2. Nf3 e6 3. d4 cxd4 4. Nxd4 Nf6 5. Nc3 d6 6. g3 Be7 7. Bg2 0-0 8. 0-0 a6 9. Re1 Qc7 10. h3 Nc6 11. Nxc6 bxc6 12. Na4 Nd7 13. c4 Bb7 14. Be3 c5 15. Nc3 Bf6 16. Qd2 Ne5 17. b3 Nc6 18. Rac1 Bd4 19. f4 Rae8 20. Ne2 e5 21. Bxd4 exd4 22. g4 Qd8 23. Ng3 Kh8 24. Nf5 Ne7 25. Nxe7 Rxe7 26. b4 f6 27. Qd3 Rfe8 28. Re2 Qc7 29. Rce1 Bc6 30. b5 axb5 31. cxb5 Bd7 32. Rb1 Qb6 33. a4 Be6 34. Qd2 Ra7 35. e5 fxe5 36. fxe5 d5 37. Rf2 Rxa4 38. Qg5 c4 39. Kh1 d3 40. Rbf1 Raa8 0-1

[Event "Cartak IM"]
[Site "Cartak"]
[Date "2005.06.23"]
[Round "8"]
[White "Hodova, Lucie"]
[Black "Obsivac, Josef"]
[Result "0-1"]
[WhiteElo "2085"]
[BlackElo "2334"]
[PlyCount "102"]
[EventDate "2005.06.18"]
[EventType "tourn"]
[EventRounds "11"]
[EventCountry "CZE"]
[EventCategory "1"]
[SourceTitle "EXT 2006"]
[Source "ChessBase"]
[SourceDate "2005.11.24"]
[SourceVersion "1"]
[SourceVersionDate "2005.11.24"]
[SourceQuality "1"]

1. e4 e6 2. d4 d5 3. Nd2 Nf6 4. e5 Nfd7 5. Bd3 c5 6. c3 Nc6 7. Ngf3 cxd4 8. cxd4 Be7 9. 0-0 Qb6 10. Nb3 a5 11. a4 Nb4 12. Bb1 Qa6 13. Be3 Nb6 14. Nfd2 Bd7 15. Nc5 Bxc5 16. dxc5 Nc4 17. Nxc4 Qxc4 18. b3 Qa6 19. Qd2 Rc8 20. Rd1 0-0 21. Bd3 Nxd3 22. Qxd3 Rb8 23. Qxa6 bxa6 24. Rd3 Rfc8 25. Rb1 Bxa4 26. Ra1 Bb5 27. Rc3 a4 28. bxa4 Bc4 29. Rc2 Rb4 30. Rd2 Kf8 31. f3 Ke7 32. Kf2 Kd7 33. Bd4 Rcb8 34. h4 Kc6 35. h5 Rb1 36. Rd1 Rxd1 37. Rxd1 Rb4 38. a5 Ra4 39. Rb1 Bb5 40. Bc3 d4 41. Bb4 Kd5 42. f4 Kc4 43. c6 Rxb4 44. c7 Bd7 45. c8Q+ Bxc8 46. Rc1+ Kd3 47. Rxc8 Ke4 48. Rc7 Rb2+ 49. Kg3 d3 50. Rxf7 d2 51. Rd7 Rb3+ 0-1

[Event "Cartak IM"]
[Site "Cartak"]
[Date "2005.06.20"]
[Round "4"]
[White "Hodova, Lucie"]
[Black "Starostits, Ilmars"]
[Result "0-1"]
[WhiteElo "2085"]
[BlackElo "2450"]
[PlyCount "116"]
[EventDate "2005.06.18"]
[EventType "tourn"]
[EventRounds "11"]
[EventCountry "CZE"]
[EventCategory "1"]
[SourceTitle "EXT 2006"]
[Source "ChessBase"]
[SourceDate "2005.11.24"]
[SourceVersion "1"]
[SourceVersionDate "2005.11.24"]
[SourceQuality "1"]

1. e4 c5 2. Nf3 d6 3. d4 cxd4 4. Nxd4 Nf6 5. Nc3 g6 6. Be3 Bg7 7. f3 Nc6 8. Qd2 Bd7 9. 0-0-0 h5 10. Bc4 Na5 11. Bb3 Rc8 12. Kb1 a6 13. h3 h4 14. Rhe1 Nc4 15. Bxc4 Rxc4 16. Nb3 a5 17. e5 dxe5 18. Nd5 Nxd5 19. Qxd5 Rc6 20. Nc5 Rd6 21. Qxb7 f5 22. Nxd7 Qxd7 23. Qxd7+ Kxd7 24. Bc5 Rxd1+ 25. Rxd1+ Ke6 26. Bb6 a4 27. b3 axb3 28. cxb3 Rb8 29. Bf2 g5 30. Rc1 e4 31. Rc6+ Ke5 32. fxe4 Kxe4 33. Re6+ Kd3 34. Rxe7 Bc3 35. Rd7+ Ke2 36. Bd4 Bxd4 37. Rxd4 Kf1 38. Rd2 g4 39. hxg4 fxg4 40. Kb2 g3 41. a4 h3 42. gxh3 g2 43. a5 Rb5 44. Kc3 Rxa5 45. Kc4 Ra1 46. Rxg2 Kxg2 47. b4 Kf3 48. Kc5 Rc1+ 49. Kd6 Rb1 50. Kc5 Ke4 51. b5 Ke5 52. Kc6 Ke6 53. h4 Rc1+ 54. Kb7 Kd7 55. b6 Rc5 56. Ka8 Kc6 57. b7 Ra5+ 58. Kb8 Rb5 0-1